000 00452nmm a2200157Ia 4500
008 251105s9999||||xx |||||||||||||||||und||
020 _a9788499485515
041 _aspa
100 _aSeva Alemany, Carmen
245 0 _aRetazos de una vida
264 _a[Madrid, España] :
_bEditorial Club Universitario: ECU,
_c2011
300 _a66 páginas
650 _aSpanish poetry
856 _uhttps://public.digitaliapublishing.com/a/174908
942 _cCF
999 _c92965
_d92965